Riconosci il Pokémon - Quiz n°860 - Statistics

Statistiche generali
  • Questo quiz è stato fatto 1 volte
  • Il punteggio medio è 9 su 10
Statistiche sulle risposte
Indizio Risposta % Corretto
Altezza 1,8 m
100%
Tasso di cattura 3 (1.6%)
100%
Peso 70,0 kg
100%
Tipo Buio / Erba
100%
Abilità Fogliamanto
100%
Tasso di allevamento Lento
100%
Stadio evoluzione Non si evolve
100%
Generazione Ottava
100%
Sesso Sconosciuto
100%
Pokémon Zarude
0%
Nessun quiz corrispondente trovato
Distribuzione punteggi
Percentuale di utenti per punteggio
Percentile per numero di risposta
I tuoi punteggi nel tempo
Non hai fatto questo quiz